000 00281nam a22001337a 4500
008 171124b xxu||||| |||| 00| 0 eng d
020 _a0631159754
041 _aeng
080 _a32
100 _a19
101 _aPOL
245 _aEQUAL OPPORTUNITY
_cPAUL,E.F
942 _2udc
_cBK
999 _c38494
_d38494